El libro de las tierras vírgenes /

Uloženo v:
Podrobná bibliografie
Hlavní autor: Kipling, Rudyard (autor)
Další autoři: Souto Alabarce, Arturo (introducción) (introducción)
Médium: Kniha
Jazyk:španělština
Vydáno: México : Porrúa, 1972, c1972
Edice:(Sepan Cuántos ; 204)
Témata:
Tagy: Přidat tag
Žádné tagy, Buďte první, kdo vytvoří štítek k tomuto záznamu!

MARC

LEADER 00000nam^a2200000^a^4500
001 000014125
005 20250521000000.0
009 20260310083931.554
037 |a Acervo ITESO - Biblioteca 
041 |a ESP 
082 |a 082.  |b POR V. 204 
100 |a Kipling, Rudyard  |e (autor) 
240 1 4 |a [El libro de la selva] 
240 1 1 |a [Toomai de los elefantes] 
245 1 3 |a El libro de las tierras vírgenes /  |c R. Kipling ; introd. de A. Souto Alabarce ; tr. por Adolfo A. de Alba. 
264 4 |a México :  |b Porrúa,  |c 1972, c1972 
300 |a XXIX, 228 p. :  |b tapa dura 
336 |a texto  |b txt  |2 rdacontenido 
337 |a sin mediación  |b n  |2 rdamedio 
338 |a volumen  |b nc  |2 rdasoporte 
440 1 |a (Sepan Cuántos ;  |v 204) 
500 |a Traducción de: The Jungle Book 
500 |a Traducción de: The Second Jungle Book 
545 0 |a Nacido en India de familia inglesa, Rudyard Kipling (Bombay, 1865 – Londres, 1936) es un gran narrador y poeta, aunque esquemáticamente tienda a recordársele únicamente por su defensa del colonialismo inglés (en la cúspide con la reina Victoria) y también por sus cuentos infantiles. Formado en Inglaterra, luego ejerció como periodista en India durante siete años, estableciéndose en Londres en 1889. Entre sus obras más populares están El libro de la selva (1894), El segundo libro de la selva (1895), los poemas Gunga Din e If (Si) y la novela Kim (1901), considerada por algunos críticos como el mejor retrato hecho por un occidental de la India colonial. Otros títulos son Invenciones varias (1893), Los siete mares (1896), Capitanes intrépidos (1897), Tráficos y descrubrimientos (1904), Por todo lo que tenemos y todo lo que somos (1914) y Cargos y créditos (1926). Tras rechazar todos los reconocimientos previos (entre ellos, el Poet Laureateship, la Orden del Mérito y la Orden del Imperio Británico), aceptó en 1907 el Premio Nobel de Literatura. 
586 |a Premio Nobel de Literatura 1907 
649 |a XX 
650 |a Niños en la Literatura 
650 |a Huérfanos en la Literatura 
650 |a Animales en la Literatura 
650 |a Fábulas 
650 |a Novela Inglesa 
650 |a Literatura Juvenil -  |z Inglaterra 
650 |a Literatura Didáctica -  |z Inglaterra 
650 |a Literatura y Etica -  |z Inglaterra 
650 |a Literatura Inglesa -  |y Siglo XIX 
650 |a Amistad 
650 |a Diferencia y Otredad 
650 |a Pertenencia Social 
650 |a Interacción Social 
650 |a Selvas en la Literatura 
650 |a Selvas -  |z India 
650 |a Vida Salvaje -  |z India 
650 |a India en la Literatura 
700 |a Souto Alabarce, Arturo  |e (introducción) 
910 |a Fondo General 
920 |a Impresos - Libros 
930 |a Colección General 
940 |a Literatura 
905 |a 101 
901 |a 0141250100  |b IT1  |c LIT  |i 014125  |u 20250521 
902 |a https://opac.biblio.iteso.mx/vufind/Record/000014125